Administración de servicios estrategias para la creación de valor en el nuevo paradigma de los negocios (Registro nro. 41021)

Detalles MARC
000 -ENCABEZADO
Número de control [NR] 01362nam a2200289Ia 4500
008 - DE LONGITUD FIJA DE DATOS DE ELEMENTOS - INFORMACIÓN GENERAL
Elementos de longitud fija [NR] 130821s2011 mx gr spa
020 ## - NUMERO INTERNACIONAL NORMALIZADO PARA LIBROS [R]
Número Internacional Normalizado del libro [NR] 9786073205566
040 ## - FUENTE DE CATALOGACION [NR]
Agencia de catalogación original [NR] Co-BoUCM
Idioma de catalogación [NR] spa
041 00 - CODIGO DE IDIOMA [R]
Código de idioma para texto/pista de sonido o título separado [R] Español
245 10 - MENCION DE TITULO [NR]
Título [NR] Administración de servicios estrategias para la creación de valor en el nuevo paradigma de los negocios
Mención de responsabilidad, etc. [NR] Christopher Lovelock ... [y otros autores]. ; traducción Miguel Ángel Sánchez Carrión, Pilar Mascaró Sacristán, Jaime Gómez Mont Ariza ; colaboración técnica Karla Verónica Cabrera Martínez
250 ## - MENCION DE EDICION [NR]
Mención de edición [NR] 2a. ed.
Resto de la mención de edición [NR] editor Guillermo Domínguez Chávez.
260 ## - PUBLICACION, DISTRIBUCION, ETC. (PIE DE IMPRENTA) [R]
Lugar de publicación, distribución, etc. [R] México D.F. (México)
Nombre del editor, distribuidor, etc. [R] Pearson
Fecha de publicación, distribución, etc. [R] 2011
300 ## - DESCRIPCION FISICA [R]
Extensión [R] xxii, 957 páginas
504 ## - NOTA DE BIBLIOGRAFIA, ETC. [R]
Nota de bibliografía, etc. [NR]
650 04 - ASIENTO SECUNDARIO DE MATERIA - TERMINO TEMATICO [R]
Término temático o nombre geográfico como elemento de entrada [NR] Administración de empresas
9 (RLIN) 435
650 04 - ASIENTO SECUNDARIO DE MATERIA - TERMINO TEMATICO [R]
Término temático o nombre geográfico como elemento de entrada [NR] Industria de servicios
Subdivisión general [R] Mercadeo
9 (RLIN) 17422
650 04 - ASIENTO SECUNDARIO DE MATERIA - TERMINO TEMATICO [R]
Término temático o nombre geográfico como elemento de entrada [NR] Mercadeo de servicios
9 (RLIN) 19313
650 04 - ASIENTO SECUNDARIO DE MATERIA - TERMINO TEMATICO [R]
Término temático o nombre geográfico como elemento de entrada [NR] Profesiones
Subdivisión general [R] Mercadeo
9 (RLIN) 22472
700 1# - ASIENTO SECUNDARIO - NOMBRE PERSONAL [R]
Nombre personal [NR] Cabrera Martínez, Karla Verónica.
9 (RLIN) 160895
700 1# - ASIENTO SECUNDARIO - NOMBRE PERSONAL [R]
Nombre personal [NR] Domínguez Chávez, Guillermo
Término de relación [R] editor
9 (RLIN) 76852
700 1# - ASIENTO SECUNDARIO - NOMBRE PERSONAL [R]
Nombre personal [NR] Gómez Mont Ariza, Jaime
Término de relación [R] traductor
9 (RLIN) 39214
700 1# - ASIENTO SECUNDARIO - NOMBRE PERSONAL [R]
Nombre personal [NR] Lovelock, Christopher H.
9 (RLIN) 108535
700 1# - ASIENTO SECUNDARIO - NOMBRE PERSONAL [R]
Nombre personal [NR] Mascaró Sacristán, Pilar
Término de relación [R] traductor
9 (RLIN) 48550
700 1# - ASIENTO SECUNDARIO - NOMBRE PERSONAL [R]
Nombre personal [NR] Sánchez Carrión, Miguel Ángel
Término de relación [R] traductor
9 (RLIN) 66682
942 ## - ELEMENTOS DE ENTRADA AGREGADOS (KOHA)
Tipo de ítem principal el descrito en 300a Libro
Tema principal Administración
Edición 2
Parte restante de la signatura top. A238
Sistema de clasificación DEWEY
Clasificación 658.8
Existencias
Fecha de último préstamo Total préstamos Total Renewals Signatura topográfica Código de barras Última vez visto Volúmen / Fascículo Ejemplar Price effective from Tipo de ítem Perdido Sistema de clasificación Dañado No prestable Tipo de ítem específico Suprimido Ubicación habitual Ubicación actual Localización Fecha de creación Forma de adquisición Costo
09/09/2022 10 8 658.8 A238 100129928 04/12/2024 2a. Ed. Ej.1 03/02/2013 Libro   DEWEY     Libro   Bodega Bodega 5to piso 19/02/2013 Compra 98100.00